000 00490nam a2200169Ia 4500
999 _c18902
_d18902
003 OSt
005 20201117093232.0
008 190216s9999||||xx |||||||||||||| ||und||
040 _coclc
082 _a823.912
_bFOR/P
100 _aForster, E M
_95772
245 0 _aA Passage To India /
_cE M Forster
260 _bOxford And Ibh Publishing Co. Pvt Ltd,
_c1978.
_aLondon:
300 _a317p
650 _aHistory
942 _cBK
_2ddc
_h823.912
_iFOR/P
_k823.912
_mFOR/P